Hits a partir do ano de 2000 - Statistics

Estatísticas Gerais
  • Esse quiz foi jogado 102 vezes
  • A pontuação média é 34 de 67
Estatísticas das Respostas
Hint Resposta % Correto
Price tag Jessie J
98%
Baby Justin Bieber
95%
Havana Camila Cabello
86%
Shape of you Ed Sheeran
86%
I Kissed a Girl Katy Perry
86%
Diamonds Rihanna
86%
Señorita Shawn Mendes ft Camila Cabello
86%
Oops! … Did It Again (Oops!...I Did It Again) Britney Spears
80%
Just the way you are Bruno Mars
76%
Cheap thills Sia
76%
I Gotta Feeling The Black Eyed Peas
76%
Somente like you Adele
75%
Thank u, next Ariana Grande
75%
Crazy on love Beyoncé
75%
Wrecking Ball Miley Cyrus
74%
Despacito Luis Fonsi
73%
In the end Linkin Park
72%
Payphone Maroon 5
69%
In the club 50 cent
64%
Bad guy Billie Eilish
64%
Bring me to life Evanescence
63%
See you again Wiz Khalifa
61%
Complicated Avril Lavigne
60%
Love the way you lie Eminem
59%
Whenever,wherever Shakira
59%
Blinding Lights The Weeknd
59%
Good 4 u Olivia Rodrigo
58%
Rehab Amy Winehouse
57%
Clocks Coldplay
57%
American Idiot Green Day
56%
SexyBack Justin Timberlake
56%
Summer Calvin Harris
52%
Beautiful Girls Sean Kingston
52%
Get Lucky Daft Punk
51%
Feel Good Inc Gorillaz
51%
Say so Doja Cat
50%
Shallow Lady Gaga & Bradley Cooper
50%
I'm yours Jason Mraz
49%
Love me like you do Ellie Goulding
47%
Hey,soul sister Train
42%
Sign of the Times Harry Styles
41%
Because of you Kelly Clarkson
41%
Don't Cha Feat. Busta Rhymes The Pussycat Dolls
41%
Scream & Shout will.i.am
41%
Skyscraper Demi Lovato
40%
Work from Home Fifth Harmony
40%
7years Lukas Graham
40%
How You Remind Me Nickelback
39%
Break My Heart Dua Lipa
36%
Call me maybe Carly Rae Jepsen
35%
Lady Marmalade Christina Aguilera
35%
A thousand Miles Vanessa Carlton
33%
I'm like a bird Nelly Furtado
30%
Welcome to my life Simple Plan
30%
Fallin' Alicia Keys
27%
Sucker Jonas Brothers
26%
Who Knew Pink
22%
Rather Be Clean Bandit
20%
Bleeding Love Leona Lewis
20%
Lean on Major Lazer & DJ Shake ft. MØ
19%
Closer Ne-Yo
19%
Bad Day Daniel Powter
17%
Hawái Maluma
17%
You’re Still the One Shania Twain
17%
Do ir well Jennifer Lopez
11%
Need you now Landy Antebellum
2%
Your love ATB, Topic, A7S
0%
Nenhum quiz correspondente encontrado
Distribuição das Pontuações
Porcentagem de Pessoas com Cada Pontuação
Percentil de Números Respondidos
Sua Pontuação Histórica
Você não jogou esse quiz